000 00341nam a2200121Ia 4500
008 240731s9999 xx 000 0 und d
022 _a1548-0046
245 0 _aParticulate Science and Technology : An International Journal
260 _bTaylor & Francis
856 _uhttps://www.tandfonline.com/loi/upst20
942 _2ddc
942 _cTFEJ
999 _c78867
_d78867
945 _a1
_bMadushi Gamage
_c1
_dMadushi Gamage